5HLuxD.jpg

KING HENRY VIII SENIOR AND PRIMARY SCHOOL LIBRARY OPAC

Bunyip in the moon : (Record no. 1577)

000 -LEADER
fixed length control field 01498cam a2200361 a 4500
001 - CONTROL NUMBER
control field 959908
003 - CONTROL NUMBER IDENTIFIER
control field OSt
005 - DATE AND TIME OF LATEST TRANSACTION
control field 20230112174117.0
008 - FIXED-LENGTH DATA ELEMENTS--GENERAL INFORMATION
fixed length control field 160111s2015 maua 000 0 eng
020 ## - INTERNATIONAL STANDARD BOOK NUMBER
International Standard Book Number 9781939656773
Qualifying information (library binding)
040 ## - CATALOGING SOURCE
Original cataloging agency DON
Language of cataloging eng
Description conventions rda
Transcribing agency DON
Modifying agency PVY
-- KH8
042 ## - AUTHENTICATION CODE
Authentication code nbic
082 0# - DEWEY DECIMAL CLASSIFICATION NUMBER
Classification number 398.2730994 BAR
100 1# - MAIN ENTRY--PERSONAL NAME
Personal name Barchers, Suzanne I.,
Relator term author.
245 10 - TITLE STATEMENT
Title Bunyip in the moon :
Remainder of title a tale from Australia /
Statement of responsibility, etc. retold by Suzanne I. Barchers ; illustrated by Peter Clarke.
260 ## - PUBLICATION, DISTRIBUTION, ETC.
Place of publication, distribution, etc. South Egremont, MA :
Name of publisher, distributor, etc. Red Chair Press,
Date of publication, distribution, etc. 2015.
264 #1 - PRODUCTION, PUBLICATION, DISTRIBUTION, MANUFACTURE, AND COPYRIGHT NOTICE
Place of production, publication, distribution, manufacture South Egremont, MA :
Name of producer, publisher, distributor, manufacturer Red Chair Press,
Date of production, publication, distribution, manufacture, or copyright notice [2015]
264 #4 - PRODUCTION, PUBLICATION, DISTRIBUTION, MANUFACTURE, AND COPYRIGHT NOTICE
Date of production, publication, distribution, manufacture, or copyright notice ©2015.
300 ## - PHYSICAL DESCRIPTION
Extent 32 pages :
Other physical details color illustrations ;
Dimensions 24 cm.
336 ## - CONTENT TYPE
Content type term text
Content type code txt
Source rdacontent.
336 ## - CONTENT TYPE
Content type term still image
Content type code sti
Source rdacontent.
337 ## - MEDIA TYPE
Media type term unmediated
Media type code n
Source rdamedia.
338 ## - CARRIER TYPE
Carrier type term volume
Carrier type code nc
Source rdacarrier.
490 0# - SERIES STATEMENT
Series statement Tales of honor.
520 ## - SUMMARY, ETC.
Summary, etc. When a young woman is captured and brought under the spell of the feared Bunyip, one brave hunter sets out to save her. And while his bravery is finally rewarded, it is thought the Bunyip still looks down on people today to bring them under its spell. An aboriginal tale from Australia.
650 #0 - SUBJECT ADDED ENTRY--TOPICAL TERM
Topical term or geographic name entry element Hunters
Form subdivision Juvenile fiction.
650 #0 - SUBJECT ADDED ENTRY--TOPICAL TERM
Topical term or geographic name entry element Animals, Mythical
Form subdivision Juvenile fiction.
650 #0 - SUBJECT ADDED ENTRY--TOPICAL TERM
Topical term or geographic name entry element Incantations
Form subdivision Juvenile fiction.
650 #0 - SUBJECT ADDED ENTRY--TOPICAL TERM
Topical term or geographic name entry element Courage
Form subdivision Juvenile fiction.
650 #0 - SUBJECT ADDED ENTRY--TOPICAL TERM
Topical term or geographic name entry element Folklore
Geographic subdivision Australia.
700 1# - ADDED ENTRY--PERSONAL NAME
Personal name Clarke, Peter,
Dates associated with a name 1965-
Relator term illustrator.
942 ## - ADDED ENTRY ELEMENTS (KOHA)
Source of classification or shelving scheme
Koha item type Books - Non Ficton
Holdings
Withdrawn status Lost status Source of classification or shelving scheme Damaged status Not for loan Collection code Permanent Location Current Location Shelving location Date acquired Total Checkouts Full call number Barcode Date last seen Date last checked out Price effective from Koha item type
          Non-Fiction KH8 Primary School Library KH8 Primary School Library Non Fiction 2023-01-12 8 398.2730994 BAR KHPL000003338 2025-12-05 2024-06-06 2023-01-12 Books - Non Ficton

Powered By KH8 IT Dept